Thiết kế trang trí động lực tàu thủy /
Gardado en:
| Autor Principal: | |
|---|---|
| Formato: | Libro |
| Idioma: | Vietnamese |
| Publicado: |
H. :
Giao thông vận tải ,
1985
|
| Edición: | In lần thứ 1 |
| Những chủ đề: | |
| Các nhãn: |
Engadir etiqueta
Sen Etiquetas, Sexa o primeiro en etiquetar este rexistro!
|
| Thư viện lưu trữ: | Thư viện Trường CĐ Kỹ Thuật Cao Thắng |
|---|
| LEADER | 00689nam a2200205 a 4500 | ||
|---|---|---|---|
| 001 | TVCDKTCT19 | ||
| 003 | Thư viện trường Cao đẳng Kỹ thuật Cao Thắng | ||
| 005 | 20050728000000 | ||
| 008 | 050728 | ||
| 980 | \ | \ | |a Thư viện Trường CĐ Kỹ Thuật Cao Thắng |
| 024 | |a RG_1 #1 eb0 i1 | ||
| 041 | 0 | # | |a vie |
| 082 | # | # | |a 623.82 / |b Đ116H-T |
| 100 | 1 | # | |a Đặng Hộ |
| 245 | 0 | 0 | |a Thiết kế trang trí động lực tàu thủy / |c Đặng Hộ |
| 250 | # | # | |a In lần thứ 1 |
| 260 | # | # | |a H. : |b Giao thông vận tải , |c 1985 |
| 300 | # | # | |a 206tr. ; |c 27 cm |
| 650 | # | 4 | |a Tàu thuỷ |
| 650 | # | 4 | |a Thiết kế đông lực tàu thủy |